|
|
|
|
| LEADER |
00000naa0a2200000 4500 |
| 001 |
596461 |
| 005 |
20250408133939.0 |
| 035 |
|
|
|a (RuTPU)RU\TPU\tpu\19351
|
| 035 |
|
|
|a RU\TPU\tpu\19350
|
| 090 |
|
|
|a 596461
|
| 100 |
|
|
|a 20110504d2007 k y0rusy50 ca
|
| 101 |
0 |
|
|a rus
|
| 102 |
|
|
|a RU
|
| 200 |
1 |
|
|a Геоэкологическая практика в Хакасии - основа знаний студентов геоэкологов
|f Е. Г. Язиков, Л. П. Рихванов
|
| 333 |
|
|
|a В фонде НТБ ТПУ отсутствует
|
| 461 |
|
|
|t Экологическая безопасность горнопромышленных регионов
|o материалы 1-го Уральского международного экологического конгресса, Екатеринбург 12-14 октября 2007 г.
|o в 2-х томах
|d 2007
|
| 463 |
|
|
|t Т. 2 : Биоэкология. Медицинские проблемы экологии. Социально-экономические и правовые проблемы экологии. Экологическое воспитание и образование
|v С. 337-341
|d 2007
|
| 610 |
1 |
|
|a труды учёных ТПУ
|
| 700 |
|
1 |
|a Язиков
|b Е. Г.
|c специалист в области геологии и минералогии
|c профессор Томского политехнического университета, доктор геолого-минералогических наук, заместитель проректора по образовательной и международной деятельности
|f 1955-
|g Егор Григорьевич
|3 (RuTPU)RU\TPU\pers\26057
|9 11896
|
| 701 |
|
1 |
|a Рихванов
|b Л. П.
|c российский ученый, геолог
|c профессор Томского политехнического университета, доктор геолого-минералогических наук
|c заслуженный геолог РФ
|c почетный работник высшего образования РФ
|f 1945-
|g Леонид Петрович
|3 (RuTPU)RU\TPU\pers\23187
|
| 801 |
|
1 |
|a RU
|b 63413507
|c 20100409
|
| 801 |
|
2 |
|a RU
|b 63413507
|c 20130109
|g RCR
|
| 942 |
|
|
|c BK
|